00403 2200157 4500001002100000008004100021035002000062245004300082100001600125260002600141300002200167020002200189084001400211082000800225990001200233INLIS000000000002799 IND  a0010-0925000146 aAir Mata Malaikat KecilkucTasya Hanum aTasya Hanum aJakartabNuansac2017 a194c(13 x 19 cm) a978-602-6409-28-7 a813 TAS a a813 a0755021